| 000 | 00938 am a2200301ua 4500 | ||
|---|---|---|---|
| 001 | 007401416 | ||
| 003 | OSt | ||
| 005 | 20140302115632.0 | ||
| 008 | 821108r19821983xxka gr2 000 0 eng d | ||
| 020 | _a0712115412 (pbk.) | ||
| 040 |
_aUk _cUk |
||
| 082 | 0 | 4 |
_a302.35 _222 _bBEA |
| 100 | 1 |
_a Beardshaw, John _935134 |
|
| 245 | 1 | 4 |
_aThe organisation in its environment / _cJohn Beardshaw, David Palfreman. |
| 250 |
_a2nd ed., _breprinted. |
||
| 260 |
_aPlymouth, United Kingdom : _bMacdonald and Evans, _c1982. |
||
| 300 |
_axvi, 655 p. : _bill. ; _c22 cm. |
||
| 490 | 1 | _aThe M & E BECBook series | |
| 500 | _aReprint of the 1982 ed. | ||
| 500 | _aIndex : p. 635-655. | ||
| 650 | 0 |
_aIndustrial organization _93176 |
|
| 650 | 0 |
_aOrganization _93175 |
|
| 653 |
_bBUSECO _cFebruary2014 |
||
| 655 |
_vreading book _934232 |
||
| 700 | 1 |
_aPalfreman, David _935135 |
|
| 830 | 4 |
_aThe M & E BECBook series _935136 |
|
| 942 |
_2ddc _k302.35 BEA |
||
| 999 |
_c18053 _d18025 |
||